| 000 | 01855nam0a22003251 4500 | ||
|---|---|---|---|
| 001 | rc\3579315 | ||
| 005 | 20130115141423.4 | ||
| 021 |
_aRU _b[74-46084] |
||
| 035 | _a(NLR Aleph) 007803720 | ||
| 090 |
_a7691109 _c7691109 |
||
| 100 | _a20130115d1974 |||y0rusy50 ca | ||
| 101 | 0 | _arus | |
| 102 | _aRU | ||
| 105 | _ay z ||||| | ||
| 200 | 1 |
_aОпыт применения ЭВМ для плановых расчетов и организации ремонта оборудования _fГос. план. ком. Совета Министров БССР. Белорус. науч.-исслед. ин-т науч.-техн. информации и техн.-экон. исследований |
|
| 210 |
_aМинск _c[БелНИИНТИ] _d1974 |
||
| 215 |
_a44 с. _d20 |
||
| 225 | 1 |
_aОбзорная информация _iСерия "Автоматизированные системы, автоматика и вычислительная техника" |
|
| 300 | _aПеред загл. авт.: Ф.С. Петлярский, П.Г. Храмцов, Л.М. Эскин | ||
| 320 | _aСписок лит.: с. 43 (9 назв.) | ||
| 532 | 1 | 2 | _aОпыт применения электронной вычислительной машины для плановых расчетов и организации ремонта оборудования |
| 606 |
_aПромышленные предприятия _xРемонтное хозяйство _xУправление _xАвтоматизация _2psbo |
||
| 700 | 1 |
_aПетлярский _bФ. С. _gФеликс Семенович |
|
| 701 | 1 |
_aХрамцов _bП. Г. _gПавел Григорьевич |
|
| 701 | 1 |
_aЭскин _bЛ. М. _gЛеонид Михайлович |
|
| 801 | 0 |
_aRU _bNLR _gpsbo |
|
| 801 | 1 |
_aRU _bELAR _2rusmarc |
|
| 852 |
_aNLR _j74-4/10877 |
||
| 942 | _cBOOK | ||
| 980 | _aNB | ||